000 00650nam a2200205 a 4500
001 21575
003 CO-ViMGA
008 141112s2004 ck r 000 u spa d
020 _a9588160383
040 _aCO-ViMGA
_bspa
_cCO-ViMGA
082 0 4 _aCo863.6 B323
100 1 _aBecerra, Ángela
_930818
245 1 0 _aDe los amores negados
260 _aBogotá :
_bVillegas,
_c2003
300 _a461
590 _aForma de adquisición : Donación fact. 8851 - - Precio : 38000 - - Proveedor : Fundación exito - - Fecha de adquisición : Junio 2007
650 1 4 _aNOVELA AMOROSA COLOMBIANA
_92106
650 1 4 _aNOVELA COLOMBIANA
_91193
942 _2ddc
_cBK
999 _c30155
_d30155